Česká krajina /

Hlavní autor: Hauner, Miroslav, 1950-
Jazyk: Čeština
Vydáno: Plzeň : Západočeské nakladatelství, 1986
Vydání: 1. vyd.
Témata:
Externí odkaz: Digitalizovaný dokument
Fyzický popis: 143 s. : barev. il. ; 30 cm
Knihy
Uloženo v:
LEADER 01104nam a22002892a 4500
001 000233028
003 CZ BrMZK
005 20240418104433.0
007 ta
008 010907s1986 xr a f 000 0 cze d
015 |a cnb000016684 
040 |a BOA001  |b cze 
080 9 |a 914.371 
080 9 |a 084 
100 1 |a Hauner, Miroslav,  |d 1950-  |7 jk01040176  |4 aut 
245 1 0 |a Česká krajina /  |c Miroslav Hauner 
250 |a 1. vyd. 
260 |a Plzeň :  |b Západočeské nakladatelství,  |c 1986 
300 |a 143 s. :  |b barev. il. ;  |c 30 cm 
500 |a Souběžný ruský, německý, francouzský a anglický úvod a závěrečná poznámka 
500 |a 25000 výt. 
856 4 1 |u http://www.digitalniknihovna.cz/mzk/uuid/uuid:72a40550-5757-11e3-ac69-005056827e51  |y Digitalizovaný dokument  |x NDK 
910 |a BOA001  |b TK-A-0230.511  |b 4-0909.248 
964 |a Čechy - obrazové publikace 
990 |a BK 
996 6 |b 2629997498  |c TK-A-0230.511  |l MZK  |r Sklad / do 24 hodin  |n 0  |w 000233028  |u 000010  |a 1  |e BOA001  |j MZK50  |s P 
996 6 |b BC-481139  |c 4-0909.248  |l MZK  |r Sklad / do 1 hodiny  |n 0  |w 000233028  |u 000020  |a 1  |e BOA001  |j MZK50  |s P